|
|
|
|
| LEADER |
01476nam a22003732a 4500 |
| 001 |
000134067 |
| 003 |
CZ BrMZK |
| 005 |
20181002122555.0 |
| 007 |
ta |
| 008 |
970107s1983 xr e f cze d |
| 015 |
|
|
|a cnb000004260
|
| 035 |
|
|
|a (OCoLC)39595653
|
| 040 |
|
|
|a BOA001
|b cze
|
| 072 |
|
7 |
|a 91
|x Geografie jako věda. Výzkum. Cestování
|2 Konspekt
|9 7
|
| 072 |
|
7 |
|a 37.016
|x Učební osnovy. Vyučovací předměty. Učebnice
|2 Konspekt
|9 22
|
| 080 |
|
|
|a 91
|2 MRF
|
| 080 |
|
|
|a (075.2)
|2 MRF
|
| 080 |
|
|
|a (072)
|2 MRF
|
| 100 |
1 |
|
|a Doubrava, Josef,
|d 1918-1986
|7 jk01022875
|
| 245 |
1 |
0 |
|a Metodická příručka k učebnici zeměpisu pro 8. ročník základní školy /
|c Josef Doubrava
|
| 250 |
|
|
|a 1.vyd.
|
| 260 |
|
|
|a Praha :
|b Státní pedagogické nakladatelství,
|c 1983
|
| 300 |
|
|
|a 199 s.
|
| 490 |
1 |
|
|a Metodické příručky k učebnicím
|
| 650 |
0 |
7 |
|a zeměpis
|7 ph116771
|2 czenas
|
| 655 |
|
7 |
|a učebnice základních škol
|7 fd133773
|2 czenas
|
| 655 |
|
7 |
|a metodické příručky
|7 fd132826
|2 czenas
|
| 830 |
|
0 |
|a Metodické příručky k učebnicím
|0 s
|
| 910 |
|
|
|a BOA001
|b PK-0095.317
|b 2-0863.439
|
| 920 |
|
|
|a 000391465
|
| 990 |
|
|
|a BK
|
| 996 |
7 |
|
|b 2619805352
|c 2-0863.439
|l MZK
|r Sklad / do 1 hodiny
|n 1
|w 000134067
|u 000030
|a 1
|e BOA001
|j MZK50
|s A
|
| 996 |
7 |
|
|b 3119953829
|c PK-0095.317
|l MZK
|r Sklad / do 1 hodiny
|n 0
|w 000134067
|u 000020
|a 1
|e BOA001
|j MZK50
|s A
|
| 996 |
7 |
|
|b 3119953830
|c PK-0095.317
|l MZK
|r Sklad / do 1 hodiny
|n 0
|w 000134067
|u 000010
|a 1
|e BOA001
|j MZK50
|s A
|